| 000 | 01406cam a22002895a 4500 | ||
|---|---|---|---|
| 001 | 18118859 | ||
| 005 | 20161016150923.0 | ||
| 008 | 140415s2014 enka frbd 001 0 eng d | ||
| 020 | _a9781118553978 | ||
| 040 |
_aOU/DLC _beng _cOU _dDLC _dEG-ScBUE |
||
| 082 | 0 | 4 |
_a302.23 _222 _bOTT |
| 100 | 1 | _aOtt, Brian L., | |
| 245 | 1 | 0 |
_aCritical media studies : _ban introduction / _cBrian L. Ott and Robert L. Mack. |
| 250 | _a2nd ed. | ||
| 260 |
_aChichester : _bWiley Blackwell, _c2014. |
||
| 300 |
_avii, 392 p. : _bill. ; _c25 cm. |
||
| 500 | _aPrevious edition: Oxford: Wiley-Blackwell, 2010. | ||
| 500 | _aGlossary : p. [375]-381. | ||
| 500 | _aIndex : p. [382]-392. | ||
| 504 | _aIncludes bibliographical references. | ||
| 505 | 0 | _aIntroducing critical media studies -- Marxist analysis -- Organizational analysis -- Pragmatic analysis -- Rhetorical analysis -- Cultural analysis -- Psychoanalytic analysis -- Feminist analysis -- Queer analysis -- Reception analysis -- Sociological analysis -- Erotic analysis -- Ecological analysis -- Conclusion: The partial pachyderm. | |
| 650 | 7 |
_aMass media. _2BUEsh _99699 |
|
| 653 |
_bCOMAME _cOctober2016 |
||
| 700 | 1 |
_aMack, Robert L., _d1985- |
|
| 776 | 0 | 8 |
_iOnline version: _aOtt, Brian L., author. _tCritical media studies _bFourth edition. _dChichester, West Sussex ; Malden, MA : John Wiley & Sons Inc., 2014 _z9781118554036 _w(DLC) 2014015632 |
| 942 | _2ddc | ||
| 999 |
_c22618 _d22590 |
||